| 000 | 00914cam a22002414a 4500 | ||
|---|---|---|---|
| 001 | 12393773 | ||
| 005 | 20250303093549.0 | ||
| 008 | 010427s2001 enka b 001 0 eng | ||
| 020 | _a0333786696 | ||
| 050 | 0 | 0 |
_aHD38.7 _b.W46 2001 |
| 082 | 0 | 0 |
_a658.4/7 _221 |
| 100 | 1 |
_aWest, Christopher, _d1940- |
|
| 245 | 1 | 0 |
_aCompetitive intelligence / _cChris West. |
| 260 |
_aHoundmills, Basingstoke, Hampshire ; _aNew York : _bPalgrave, _c2001. |
||
| 300 |
_axv, 236 p. : _bill. ; _c25 cm. |
||
| 650 | 0 | _aBusiness intelligence. | |
| 650 | 0 | _aStrategic planning. | |
| 650 | 0 | _aCompetition. | |
| 856 | 4 | 1 |
_3Table of Contents only _uhttp://www.loc.gov/catdir/toc/fy02/2001032788.html |
| 856 | 4 | 2 |
_3Publisher description _uhttp://www.loc.gov/catdir/enhancements/fy0612/2001032788-d.html |
| 856 | 4 | 2 |
_3Contributor biographical information _uhttp://www.loc.gov/catdir/enhancements/fy0612/2001032788-b.html |
| 942 |
_2lcc _cBK _n0 |
||
| 999 |
_c4463 _d4463 |
||